Príprava a testovanie matríc na báze biopolymérov bakalárska práca

Guardado en:
Detalles Bibliográficos
Autor principal: Kozačová, Denisa
Formato: Libro
Lenguaje:inglés
Publicado: Bratislava STU FCHPT 2017
Acceso en línea:Ver en el OPAC
Etiquetas: Agregar Etiqueta
Sin Etiquetas, Sea el primero en etiquetar este registro!

MARC

LEADER 00000nam a2200000 a 4500
005 20260127134000.0
008 171204 000 0 eng d
035 |a vtls011725300 
039 9 |y 201712041427  |z mschk03 
040 |a STUSCHK1  |b slo  |c STUSCHK1  |e AACR2 
100 1 |a Kozačová, Denisa 
245 1 |a Príprava a testovanie matríc na báze biopolymérov  |b bakalárska práca  |c Denisa Kozačová 
260 |a Bratislava  |b STU FCHPT  |c 2017 
300 |a 47 s.  |b il.  |c 25 cm 
500 |a Študijný program: chémia, medicínska chémia a chemické materiály 
500 |a Študijný odbor: chémia, chemické materiály 
500 |a Školiace pracovisko: Oddelenie plastov, kaučuku a vlákien 
500 |a Evid. číslo: FCHPT-13569-61248 
910 |a SCHK95 
999 |c 1467  |d 1467